Lean szemlélet és alkalmazhatósága egy pilot projekt keretében

Bibliográfiai részletek
Szerző: Barizs Alexandra
További közreműködők: Gulyásné Dr. Csekő Katalin
Dokumentumtípus: Diplomadolgozat
Kulcsszavak:Lean menedzsment
Manfréd
Elvis
Lean szemlélet
Kutyakiképzés
Online Access:http://dolgozattar.uni-bge.hu/20614

MARC

LEADER 00000nta a2200000 i 4500
001 dolg20614
005 20200414120621.0
008 190506suuuu hu om 000 hun d
040 |a BGE Dolgozattár Repozitórium  |b hun 
041 |a hu 
100 1 |a Barizs Alexandra 
245 1 0 |a Lean szemlélet és alkalmazhatósága egy pilot projekt keretében  |c Barizs Alexandra  |h [elektronikus dokumentum] 
695 |a Lean menedzsment 
695 |a Manfréd 
695 |a Elvis 
695 |a Lean szemlélet 
695 |a Kutyakiképzés 
700 1 |a Gulyásné Dr. Csekő Katalin  |e ths 
856 4 0 |u http://dolgozattar.uni-bge.hu/20614/1/v%C3%A9gleges%20szakdolgozat%20barizs%20alexandra-2.pdf  |z Dokumentum-elérés